Lektury obowiązkowe - Matura - Statystyki

Ogólne statystyki
  • Ten quiz został rozwiązany 589 razy
    588 od ostatniego zresetowania
  • Średni wynik to 15 z 47
Statystyki odpowiedzi
Lektura % Poprawnych
Lalka
86%
Dziady
84%
Pan Tadeusz
82%
Potop
71%
Wesele
68%
Antygona
66%
Kordian
63%
Przedwiośnie
60%
Zbrodnia i kara
60%
Makbet
55%
Tango
53%
Dżuma
52%
Balladyna
51%
Mitologia
50%
Konrad Wallenrod
48%
Rok 1984
42%
Skąpiec
37%
Inny świat
36%
Zdążyć przed panem bogiem
35%
Proszę państwa do gazu
34%
Iliada
31%
Boska komedia
26%
Pieśń o Rolandzie
25%
Rozmowa mistrza Polikarpa ze śmiercią
23%
Odprawa posłów greckich
22%
Gloria Victis
21%
Górą Edek
20%
Miejsce
19%
Profesor Andrews w Warszawie
19%
Ludzie którzy szli
18%
Bogurodzica
16%
Katedra
16%
Lament Świętokrzyski
16%
Legenda o świętym Aleksym
13%
Pamiętniki
11%
Kazania sejmowe
10%
Kwiatki świętego Franciszka z Asyżu
9%
Kronika polska
8%
Raport o stanie wojennym
6%
Apokalipsa świętego Jana
5%
Grób Agamemnona
3%
Księgi Hioba
3%
Księgi Koheleta
3%
Księgi Rodzaju
3%
Testament mój
2%
Księgi Psalmów
1%
Pieśni nad pieśniami
0%
Nie znaleziono quizów pasujących do podanych kryteriów
Rozkład punktacji
Procent ludzi z każdym wynikiem
Percentyl według liczby udzielonych odpowiedzi
Twoja historia wyników
Nie rozwiązałeś tego quizu od ostatniego zresetowania